<?xml version="1.0" encoding="UTF-8"?><?xml-stylesheet type="text/xsl" href="static/style.xsl"?><OAI-PMH xmlns="http://www.openarchives.org/OAI/2.0/" xmlns:xsi="http://www.w3.org/2001/XMLSchema-instance" xsi:schemaLocation="http://www.openarchives.org/OAI/2.0/ http://www.openarchives.org/OAI/2.0/OAI-PMH.xsd"><responseDate>2026-04-27T13:50:24Z</responseDate><request verb="GetRecord" identifier="oai:uvadoc.uva.es:10324/8064" metadataPrefix="marc">https://uvadoc.uva.es/oai/request</request><GetRecord><record><header><identifier>oai:uvadoc.uva.es:10324/8064</identifier><datestamp>2021-06-23T11:41:52Z</datestamp><setSpec>com_10324_1179</setSpec><setSpec>com_10324_931</setSpec><setSpec>com_10324_894</setSpec><setSpec>col_10324_1306</setSpec></header><metadata><record xmlns="http://www.loc.gov/MARC21/slim" xmlns:doc="http://www.lyncode.com/xoai" xmlns:xsi="http://www.w3.org/2001/XMLSchema-instance" xmlns:dcterms="http://purl.org/dc/terms/" xsi:schemaLocation="http://www.loc.gov/MARC21/slim http://www.loc.gov/standards/marcxml/schema/MARC21slim.xsd">
<leader>00925njm 22002777a 4500</leader>
<datafield tag="042" ind1=" " ind2=" ">
<subfield code="a">dc</subfield>
</datafield>
<datafield tag="720" ind1=" " ind2=" ">
<subfield code="a">Tola Arribas, Miguel Ángel</subfield>
<subfield code="e">author</subfield>
</datafield>
<datafield tag="720" ind1=" " ind2=" ">
<subfield code="a">Yugueros Fernández, María Isabel</subfield>
<subfield code="e">author</subfield>
</datafield>
<datafield tag="720" ind1=" " ind2=" ">
<subfield code="a">Garea García-Malvar, María José</subfield>
<subfield code="e">author</subfield>
</datafield>
<datafield tag="720" ind1=" " ind2=" ">
<subfield code="a">Ortega Valín, Fernando</subfield>
<subfield code="e">author</subfield>
</datafield>
<datafield tag="720" ind1=" " ind2=" ">
<subfield code="a">Cerón Fernández, Ana Isabel</subfield>
<subfield code="e">author</subfield>
</datafield>
<datafield tag="720" ind1=" " ind2=" ">
<subfield code="a">Fernández Malvido, Beatriz</subfield>
<subfield code="e">author</subfield>
</datafield>
<datafield tag="720" ind1=" " ind2=" ">
<subfield code="a">San José Gallegos, Antonio</subfield>
<subfield code="e">author</subfield>
</datafield>
<datafield tag="720" ind1=" " ind2=" ">
<subfield code="a">González Touya, Marta</subfield>
<subfield code="e">author</subfield>
</datafield>
<datafield tag="720" ind1=" " ind2=" ">
<subfield code="a">Botrán Velicia, Ana</subfield>
<subfield code="e">author</subfield>
</datafield>
<datafield tag="720" ind1=" " ind2=" ">
<subfield code="a">Iglesias Rodríguez, Vanessa</subfield>
<subfield code="e">author</subfield>
</datafield>
<datafield tag="720" ind1=" " ind2=" ">
<subfield code="a">Díaz Gómez, Bárbara</subfield>
<subfield code="e">author</subfield>
</datafield>
<datafield tag="260" ind1=" " ind2=" ">
<subfield code="c">2013</subfield>
</datafield>
<datafield tag="520" ind1=" " ind2=" ">
<subfield code="a">To describe the prevalence of dementia and subtypes in a general elderly population in northwestern&#xd;
Spain and to analyze the influence of socio-demographic factors.&#xd;
Methods: Cross-sectional, two-phase, door-to-door, population-based study. A total of 870 individuals from a rural&#xd;
region and 2,119 individuals from an urban region of Valladolid, Spain, were involved. The seven-minute screen&#xd;
neurocognitive battery was used in the screening phase. A control group was included.&#xd;
Results: A total of 2,170 individuals aged 65 to 104 years (57% women) were assessed. There were 184 subjects&#xd;
diagnosed with dementia. The crude prevalence was 8.5% (95% CI: 7.3-9.7). Age- and sex-adjusted prevalence was&#xd;
5.5 (95% CI: 4.5-6.5). Main subtypes of dementia were: Alzheimer’s disease (AD) 77.7%, Lewy Body disease, 7.6%&#xd;
and vascular dementia (VD) 5.9%. Crude prevalences were 6.6% (AD), 0.6% (Lewy Body disease), and 0.5% (VD).&#xd;
Dementia was associated with age (OR 1.14 for 1-year increase in age), female sex (OR 1.79) and the absence of&#xd;
formal education (OR 2.53 compared to subjects with primary education or more).&#xd;
Conclusion: The prevalence of dementia in the study population was lower than the most recent estimates for&#xd;
Western Europe. There was a high proportion of AD among all dementia cases and very low prevalence of VD. Old&#xd;
age, female sex, and low education level were independent risk factors for dementia and AD.</subfield>
</datafield>
<datafield tag="024" ind2=" " ind1="8">
<subfield code="a">Plos One, Octubre 2013, vol 8 (10)</subfield>
</datafield>
<datafield tag="024" ind2=" " ind1="8">
<subfield code="a">1932-6203</subfield>
</datafield>
<datafield tag="024" ind2=" " ind1="8">
<subfield code="a">http://uvadoc.uva.es/handle/10324/8064</subfield>
</datafield>
<datafield tag="024" ind2=" " ind1="8">
<subfield code="a">10.1371/journal.pone.0077688</subfield>
</datafield>
<datafield tag="024" ind2=" " ind1="8">
<subfield code="a">Plos One</subfield>
</datafield>
<datafield tag="024" ind2=" " ind1="8">
<subfield code="a">8</subfield>
</datafield>
<datafield ind1=" " ind2=" " tag="653">
<subfield code="a">Personas de edad - Enfermedades mentales</subfield>
</datafield>
<datafield tag="245" ind1="0" ind2="0">
<subfield code="a">Prevalence of dementia and subtypes in Valladolid, northwestern Spain: The deminvall study</subfield>
</datafield>
</record></metadata></record></GetRecord></OAI-PMH>